00592nam a2200157 a 450000500170000000800410001702000180005805000280007610000270010424500900013126000540022130000170027550000730029265000320036565000370039720140412111341.0031016s19uu xx 00 eng d a0-590-18945-X aTR(GS 808.85bP978 1988 aPugliano-Martin, Carol a25 just-right plays for emergent readers :b(Grades K-1) /cby Carol Pugliano-Martin. aNew York :bScholastic Professional Books,c1988. a64 p. ; ill. a(Reproducible--Thematic--With Cross-Curricular Extension Activities) aReading--Study and teaching aReading--Reproducible activities